Daniel Dae Kim Filmography - Statistics

General Stats
  • This quiz has been taken 10 times
    2 since last reset
  • The average score is 6 of 123
Answer Stats
Type Year Name % Correct
TV Show 2010-2017 Hawaii Five-0
100%
TV Show 2006 Avatar: The Last Airbender
50%
Web Series 2024-Present Avatar: The Last Airbender
50%
Web Series 2025 Butterfly
50%
Film 2019 Hellboy
50%
Film 2025 KPop Demon Hunters
50%
Film 2018 Mirai
50%
Film 2021 Raya and the Last Dragon
50%
Film 2004 Spider-Man 2
50%
TV Show 2019 The Good Doctor
50%
TV Show 2012, 2014 The Legend of Korra
50%
Award Show 2007 2007 AZN Asian Excellence Awards
0%
TV Show 2003-2004 24
0%
Video Game 2006 24: The Game
0%
TV Show 2009 Ace of Cakes
0%
Film 1997 Addicted to Love
0%
Video Game 2017 Agents of Mayhem
0%
TV Show 1994 All-American Girl
0%
Film 2016 Allegiant
0%
TV Show 1995 All My Children
0%
TV Show 1998 Ally McBeal
0%
Film 2019 Always Be My Maybe
0%
Film 1991 American Shaolin
0%
TV Show 2001-2003 Angel
0%
TV Show 2002 Any Day Now
0%
Film 2011 Arena
0%
Documentary Series 2020 Asian Americans
0%
Commercial 2002 AT&T
0%
Video Game 2007 Avatar: The Last Airbender - The Burning Earth
0%
Theater 2021 Belly of the Beast
0%
TV Show 1997 Beverly Hills, 90210
0%
Documentary Mini-Series 2017 Big Pacific
0%
Film 2020 Blast Beat
0%
TV Film 1998 Brave New World
0%
TV Show 2001 Charmed
0%
Film 2003 Cradle 2 the Grave
0%
Film 2004 Crash
0%
TV Show 1999 Crusade
0%
TV Show 2001 CSI: Crime Scene Investigation
0%
Web Series 2023 Doogie Kamealoha, M.D.
0%
Web Series 2021 Dramaworld
0%
TV Show 2019 Drop the Mic
0%
TV Show 2003-2004 ER
0%
TV Show 1998 Fantasy Island
0%
Documentary 2016 Finding Kukan
0%
Web Series 2020 Flack
0%
Film 1999 For Love of the Game
0%
TV Show 2011 G.I. Joe: Renegades
0%
TV Show 2024, 2025 Great Performances
0%
TV Show 2013 Hollywood Game Night
0%
Film 2003 Hulk
0%
TV Show 2012 Iron Chef America: The Series
0%
Theater 2005 Ivanov
0%
Film 2023 Joy Ride
0%
TV Show 2006 Justice League Unlimited
0%
Film 2015 Ktown Cowboys
0%
TV Show 1994 Law & Order
0%
Commercial 2023 Lexus RX
0%
Video Game 2024 Like a Dragon: Infinite Wealth
0%
Documentary 2013 Linsanity
0%
Short Film 2001 Looking for Bobby D
0%
TV Show 2004-2010 Lost
0%
Web Mini-Series 2007-2008 Lost: Missing Pieces
0%
TV Show 2017 MacGyver
0%
Web Series 2023 Mech Cadets
0%
TV Show 2003 Miss Match
0%
TV Film 2003 Momentum
0%
TV Film 2000 Murder, She Wrote: A Story to Die For
0%
TV Show 2012 NCIS: Los Angeles
0%
TV Show 2020-2021, 2023 New Amsterdam
0%
TV Show 1997 NightMan
0%
TV Film 1997 NightMan
0%
Film 1998 No Salida
0%
TV Show 1997 NYPD Blue
0%
TV Show 2001 Once and Again
0%
TV Show 2015 Once Upon a Time
0%
TV Show 1997 Pacific Palisades
0%
Web Series 2022-2023 Pantheon
0%
Theater 2023 Peter Pan Goes Wrong
0%
TV Special 2022 Pickled
0%
Film 2003 Ride or Die
0%
Web Series 2022 Roar
0%
Theater 1991 Romeo and Juliet
0%
Video Game 2006 Saints Row
0%
Video Game 2008 Saints Row 2
0%
Video Game 2015 Saints Row: Gat Out of Hell
0%
Video Game 2013 Saints Row IV
0%
Video Game 2011 Saints Row: The Third
0%
Video Game 2006 Scarface: The World Is Yours
0%
TV Show 1998 Seinfeld
0%
Web Series 2019-2020 She-Ra and the Princesses of Power
0%
Film 2003 Sin
0%
TV Show 2003, 2004 Star Trek: Enterprise
0%
TV Show 2000 Star Trek: Voyager
0%
Web Series 2023 Star Wars: Visions
0%
Film 2021 Stowaway
0%
TV Show 2003 Street Time
0%
Video Game 2003 Tenchu: Wrath of Heaven
0%
TV Mini-Series 2008 The Andromeda Strain
0%
TV Show 2020, 2021 The Casagrandes
0%
Film 2005 The Cave
0%
Theater 1996 The Chang Fragments
0%
Film 2015 The Divergent Series: Insurgent
0%
TV Special 2022 The Earthshot Prize
0%
TV Show 2021 The Hot Zone
0%
Film 1997 The Jackal
0%
Theater 2016 The King and I
0%
Film 2008 The Onion Movie
0%
TV Show 1998 The Practice
0%
TV Show 2021 The Premise
0%
TV Show 1998 The Pretender
0%
Podcast 2022 The Prophecy
0%
Theater 1995 The School for Wives
0%
TV Show 2004 The Shield
0%
Documentary 2006 The Slanted Screen
0%
Film 2013 The Tale of the Princess Kaguya
0%
Theater 2002 The Tempest
0%
Documentary Series 1992, 1993 Unsolved Mysteries
0%
Documentary 2023 Unsolved Mysteries: Behind the Legacy
0%
TV Show 1999 Walker, Texas Ranger
0%
TV Show 2004 Without a Trace
0%
Podcast 2024 Yellow Face
0%
Theater 2024 Yellow Face
0%
No matching quizzes found
Score Distribution
Percent of People with Each Score
Percentile by Number Answered
Your Score History
You have not taken this quiz since the last reset